00553nam a2200145Ia 4500008004100000020001800041050001900059100002500078245009900103260002100202300001100223500009600234650003000330700004700360120626s9999 xx 000 0 und d a970-24-0354-5 aC HF1373 H5518 aHINKELMAN, Edward G. aDiccionario de comercio internacional / Edward G. Hinkelma; tr. Andrés Roberto Hass García aMéxico : CECSA a538 p. aTraducción de: Dictionary of international trade; handbook of the global trade community. a1. COMERCIO INTERNACIONAL aI. Hass García, Andrés Roberto, tr.Ì